| 000 | 01177cam a22003377a 4500 | ||
|---|---|---|---|
| 003 | CHAP | ||
| 005 | 20220329142104.0 | ||
| 008 | 990611s1998 mx r 00010 spa d | ||
| 010 | _a78222 | ||
| 011 | _a79194 | ||
| 020 | _a9688845094 | ||
| 035 | _a89359 | ||
| 040 | _cCHAP | ||
| 082 | 0 | 4 |
_a863.508 _bC83 |
| 245 | 0 | 0 |
_aCosecha de palabras : _bcuentos campiranos |
| 260 |
_aChapingo, Méx. : _bUACH, _c1998. |
||
| 300 | _a109 p. | ||
| 490 | 0 | _aLiteratura | |
| 590 |
_aBATCH-UPD _b10 _c20130110 _lUCH01 _h1942 |
||
| 590 |
_aCONVERSION _b10 _c20130109 _lUCH01 _h1343 |
||
| 650 | 4 |
_aCuentos mexicanos. _930097 |
|
| 830 | 0 |
_aLiteratura _967114 |
|
| 901 | _aBK | ||
| 942 | _cLIBRO | ||
| 949 |
_a863 U5 _bBC _cLIBRO _d33724000724134 _eLIBRO _fc.3 _h95693 _i89359 _sb |
||
| 949 |
_a863 U5 _bBC _cLIBRO _d33724002111644 _eLIBRO _fc.6 _gI.c/e _h111007 _i89359 _si |
||
| 949 |
_a863.508 C83 1998 _bBC _cUACH _d33724002333967 _eUACH _h95691 _i89359 _si |
||
| 949 |
_a863.508 C83 _bBC _cLIBRO _d33724002333941 _eLIBRO _fc.5 _h95695 _i89359 _sb |
||
| 949 |
_a863.508 C83 _bBC _cLIBRO _d33724002333959 _eLIBRO _fc.4 _h95694 _i89359 _si |
||
| 949 |
_a863.508 C83 _bBC _cLIBRO _d33724002333975 _eLIBRO _fc.2 _h95692 _i89359 _si |
||
| 999 |
_c78222 _d78222 |
||